| 000 | 00680nam a22002177a 4500 | ||
|---|---|---|---|
| 005 | 20241016122751.0 | ||
| 008 | 241016b |||||||| |||| 00| 0 eng d | ||
| 020 | _a9780070092471 | ||
| 050 |
_aHB171.5 _b.M47 MCC |
||
| 082 | _218TH Ed. | ||
| 100 | _aMcConnell Campbell R. | ||
| 245 |
_aMicroeconomics/ _bPrinciples, Problems, and Policies _cCampbell R. McConnell, Stanley L. Brue & Sean M. Flynn |
||
| 250 | _a10th Ed. | ||
| 260 |
_aBoston _bMcGraw-Hill/Irwin _c2009 |
||
| 300 |
_axxxi. 486 pages; _bill., color, _c25.5cmx21.5cm |
||
| 500 | _aIncludes index | ||
| 650 |
_2Economics _aMicroeconomics |
||
| 700 | _aBrue Stanley L. | ||
| 700 | _aFlynn Sean M. | ||
| 942 |
_2lcc _cBK _n0 |
||
| 999 |
_c41 _d41 |
||